00586nam a2200193 a 450000100100000000500170001000800410002702000150006804000250008308200170010810000390012524500560016426000500022030000110027049000220028165000260030365000410032983000220037000003433720200930073639.0101117s1974 dr r 000 f spa d a8430304800 aDO-SdBNPbspacBNPHU a813.4bB414c1 aBeecher Stowe, Harriet,d1811-189613aLa cabaña del tio Tom /cHarriet Beecher Stowe ;. aBarcelona :bEditorial Ramón Sopena,c1974. c18 cm.1 aBiblioteca sopena 4aNovela estadounidense 4aLiteratura estadounidenseySIGLO XIX 0aBiblioteca sopena